General bank management: (Record no. 66370)
[ view plain ]
| 000 -LEADER | |
|---|---|
| fixed length control field | 00603nam a22001937a 4500 |
| 005 - DATE AND TIME OF LATEST TRANSACTION | |
| control field | 20181025132134.0 |
| 010 ## - LCCN (DPL NO) | |
| LC control number | B-710647 |
| 020 ## - INTERNATIONAL STANDARD BOOK NUMBER | |
| International Standard Book Number | 1403926689 |
| Terms of availability | 320.00 |
| 020 ## - INTERNATIONAL STANDARD BOOK NUMBER | |
| International Standard Book Number | 9781403926685 |
| Terms of availability | 385.00 |
| 035 ## - SYSTEM CONTROL NUMBER | |
| System control number | B-88945,B-182382 |
| 035 ## - SYSTEM CONTROL NUMBER | |
| System control number | B-710647 |
| 037 ## - SOURCE OF ACQUISITION | |
| Stock number | DPL |
| Source of stock number/acquisition | ENG |
| 082 ## - DEWEY DECIMAL CLASSIFICATION NUMBER | |
| Classification number | 332.1 |
| 245 ## - TITLE STATEMENT | |
| Title | General bank management: |
| Remainder of title | (For CAIIB examination) / |
| Statement of responsibility, etc | by Indian Institute of banking and finance |
| 260 ## - PUBLICATION, DISTRIBUTION, ETC. (IMPRINT) | |
| Place of publication, distribution, etc | Delhi |
| Name of publisher, distributor, etc | Macmillan |
| Date of publication, distribution, etc | 2005 |
| 300 ## - PHYSICAL DESCRIPTION | |
| Extent | x, 740p. |
| Dimensions | 24 cm (pbk) |
| 942 ## - ADDED ENTRY ELEMENTS (KOHA) | |
| Source of classification or shelving scheme | Dewey Decimal Classification |
| Item type | English Books |
| Classification part | 332.1 |
| Call number suffix | GEN |
| Withdrawn status | Lost status | Not for loan | Collection code | Home library | Current library | Date acquired | Cost, normal purchase price | Full call number | Barcode | Cost, replacement price | Koha item type | Source of acquisition | Copy number |
|---|---|---|---|---|---|---|---|---|---|---|---|---|---|
| Non-fiction | Ashok Vihar | Ashok Vihar | 25/10/2018 | 385.00 | 332.1 GEN | B-710647 | 385.00 | English Books | Gift/16-10-2018 | 1 | |||
| Non-fiction | Sarojini Nagar | Sarojini Nagar | 09/05/2012 | 320.00 | 332.1 GEN | B-88945 | 320.00 | English Books | |||||
| Non-fiction | Tri Nagar | Tri Nagar | 12/07/2018 | 320.00 | 332.1 GEN | B-182382 | 320.00 | English Books | BPPD/pub | 1 |
